000 00681nam a2200217Ia 4500
003 GCL
008 140319s9999 xx 000 0 ara d
040 _aGCL /
_cGCL
082 0 4 _a822.33
_bب ت
100 1 _aسهير القلماوى
245 1 0 _aالتراجيديا الشكسبيرية /
_cسهير القلماوى
700 1 _aبرادلى، ا . س
700 1 _aحنا الياس
260 _aالقاهرة :
_bالمؤسسة المصرية العامة للتاليف والترجمة
300 _a414 ص ؛
_c19 سم
490 _a
650 0 4 _aالادب
650 0 4 _aالادب الانجليزى
650 0 4 _aتاريخ ونقد
942 _2ddc
_cBK
999 _c41126
_d41126